Detalles MARC
| 000 -LEADER |
| campo de control de longitud fija |
02820nam a2200325 a 4500 |
| 001 - NÚMERO DE CONTROL |
| campo de control |
1150 |
| 003 - IDENTIFICADOR DE NÚMERO DE CONTROL |
| campo de control |
gtuscu |
| 005 - FECHA Y HORA DE LA ÚLTIMA TRANSACCIÓN |
| campo de control |
20260319160016.0 |
| 007 - CAMPO FIJO DE DESCRIPCIÓN FÍSICA--INFORMACIÓN GENERAL |
| campo de control de longitud fija |
ta |
| 008 - DATOS DE LONGITUD FIJA--INFORMACIÓN GENERAL |
| campo de control de longitud fija |
250818e2012 gt ad||| |||| 001 0 spa d |
| 020 ## - NÚMERO INTERNACIONAL ESTÁNDAR DEL LIBRO |
| Número Internacional Estándar del Libro |
97899922732 |
| Condiciones de disponibilidad |
disponible |
| 040 ## - FUENTE DE CATALOGACIÓN |
| Centro catalogador/agencia de origen |
gtuscu |
| Lengua de catalogación |
spa |
| Centro/agencia transcriptor |
gtuscu |
| Centro/agencia modificador |
gtuscu |
| Normas de descripción |
rda |
| 082 04 - NÚMERO DE LA CLASIFICACIÓN DECIMAL DEWEY |
| Número de clasificación |
CEUR 352.15 G393 |
| 245 1# - MENCIÓN DEL TÍTULO |
| Título |
Gestión metropolitana : |
| Resto del título |
un acercamiento a las problemáticas municipales de la nueva Guatemala de la Asunción, Quetzaltenango y la Antigua Guatemala / |
| Mención de responsabilidad, etc. |
editores María del Carmen Muñoz Paz y Luis Rafael Valladares Vielman. |
| 264 1# - PRODUCCIÓN, PUBLICACIÓN, DISTRIBUCIÓN, FABRICACIÓN Y COPYRIGHT |
| Producción, publicación, distribución, fabricación y copyright |
Guatemala : |
| Nombre del de productor, editor, distribuidor, fabricante |
Universidad de San Carlos de Guatemala, |
| Fecha de producción, publicación, distribución, fabricación o copyright |
2012. |
| 300 ## - DESCRIPCIÓN FÍSICA |
| Extensión |
236 páginas : |
| Otras características físicas |
ilustraciones algunas a color ; |
| Dimensiones |
21 cm |
| 336 ## - TIPO DE CONTENIDO |
| Fuente |
rdacontenido |
| Término de tipo de contenido |
texto |
| Código de tipo de contenido |
txt |
| 337 ## - TIPO DE MEDIO |
| Fuente |
rdamedio |
| Nombre/término del tipo de medio |
sin mediación |
| Código del tipo de medio |
n |
| 338 ## - TIPO DE SOPORTE |
| Fuente |
rdasoporte |
| Nombre/término del tipo de soporte |
volumen |
| Código del tipo de soporte |
nc |
| 490 ## - MENCIÓN DE SERIE |
| Mención de serie |
Territorio y Regionalización en Guatemala ; |
| Designación de volumen o secuencia |
volumen VIII |
| 500 ## - NOTA GENERAL |
| Nota general |
Elaborado por el cuerpo Técnico del CEUR-USAC |
| 500 ## - NOTA GENERAL |
| Nota general |
Contiene Índice de autores |
| 520 3# - RESUMEN, ETC. |
| Sumario, etc. |
El presente texto tiene el propósito de caracterizar, brevemente, algunos de los cambios que en las últimas tres décadas se han venido produciendo en la Nueva Guatemala de la Asunción, Quetzaltenango y La Antigua Guatemala, en la lógica que el ordenamiento territorial conlleva el conocimiento de la relación que existe entre: lo demográfico, el soporte físico, las actividades y la gestión.<br/>Esta investigación ha sido realizada para uso de la población en general, en el entendido de que todos debemos conocer cual es la dinámica del crecimiento de la población, la calidad de vida, la exclusión social, la explotación de recursos, la degradación ambiental, la participación social, este conocimiento permitirá una mejor planificación y regulación, para poder presentar opciones de solución a los distintos problemas; pero, además tener el conocimiento para ejercer una ciudadanía plena.<br/>Se considera que este libro constituye un aporte científico al estudio general de los problemas urbanos que enfrentan los municipios de Guatemala, Antigua Guatemala y Quetzaltenango, tomándose en cuenta que cada uno de ellos, a partir de su crecimiento y su dinámica, han constituido áreas metropolitanas, y en tanto que tales el estudio resalta la urgencia de que las planificaciones que se pretendan ejecutar, se realicen en el marco de una perspectiva metropolitana |
| 650 14 - PUNTO DE ACCESO ADICIONAL DE MATERIA--TÉRMINO DE MATERIA |
| Fuente del encabezamiento o término |
LEMB |
| Término de materia o nombre geográfico como elemento de entrada |
Administración municipal |
| Subdivisión geográfica |
Ciudad de Guatemala |
| 650 14 - PUNTO DE ACCESO ADICIONAL DE MATERIA--TÉRMINO DE MATERIA |
| Fuente del encabezamiento o término |
LEMB |
| Término de materia o nombre geográfico como elemento de entrada |
Administración municipal |
| Subdivisión geográfica |
Quetzaltenango |
| 650 14 - PUNTO DE ACCESO ADICIONAL DE MATERIA--TÉRMINO DE MATERIA |
| Fuente del encabezamiento o término |
LEMB |
| Término de materia o nombre geográfico como elemento de entrada |
Administración municipal |
| Subdivisión geográfica |
Antigua Guatemala |
| 700 1# - ENTRADA AGREGADA--NOMBRE PERSONAL |
| Nombre de persona |
Muñoz Paz, María del Carmen |
| Fechas asociadas al nombre |
1968- ; |
| Término indicativo de función/relación |
editora |
| 9 (RLIN) |
8 |
| 700 1# - ENTRADA AGREGADA--NOMBRE PERSONAL |
| Nombre de persona |
Valladares Vielman, Luis Rafael |
| Fechas asociadas al nombre |
1970- ; |
| Término indicativo de función/relación |
editor |
| 9 (RLIN) |
1 |
| 942 ## - ELEMENTOS DE ENTRADA SECUNDARIOS (KOHA) |
| Fuente de la clasificación o esquema de estantería |
Clasificación Decimal Dewey |
| Tipo de ítem Koha |
Libros |
| Parte de la signatura que corresponde a la clasificación (Parte de la clasificación) |
CEUR 352.15 G393 |
| Suprimir en OPAC |
No |